Footsteps of successful entrepreneurs : (Record no. 81888)

MARC details
000 -LEADER
fixed length control field 00761nam a22002297a 4500
005 - DATE AND TIME OF LATEST TRANSACTION
control field 20140910165839.0
010 ## - LCCN (DPL NO)
LC control number ENG-109097
020 ## - INTERNATIONAL STANDARD BOOK NUMBER
International Standard Book Number 9788174469502
Terms of availability 250.00
035 ## - SYSTEM CONTROL NUMBER
System control number EN-92630
035 ## - SYSTEM CONTROL NUMBER
System control number B-536535-538
037 ## - SOURCE OF ACQUISITION
Source of stock number/acquisition DBAD/PUB
037 ## - SOURCE OF ACQUISITION
Source of stock number/acquisition KBD/Ven
Stock number dpl
082 ## - DEWEY DECIMAL CLASSIFICATION NUMBER
Classification number 338.04
100 ## - MAIN ENTRY--PERSONAL NAME
Personal name Jham, Vimi
245 ## - TITLE STATEMENT
Title Footsteps of successful entrepreneurs :
Statement of responsibility, etc by Vimi Jham [and] Keerti Sharma
Remainder of title a collection of case studies /
260 ## - PUBLICATION, DISTRIBUTION, ETC. (IMPRINT)
Place of publication, distribution, etc New Delhi
Name of publisher, distributor, etc Excel Books
Date of publication, distribution, etc 2011
270 ## - ADDRESS
Address A- 45, Naraina, Phase 1
City New Delhi
Postal code 110028
300 ## - PHYSICAL DESCRIPTION
Extent xii,153p.
Dimensions 22cm(pbk)
700 ## - ADDED ENTRY--PERSONAL NAME
Personal name Sharma, Keerti
942 ## - ADDED ENTRY ELEMENTS (KOHA)
Source of classification or shelving scheme Dewey Decimal Classification
Item type English Books
Call number suffix JHA
Classification part 338.04
Holdings
Withdrawn status Lost status Not for loan Collection code Home library Current library Date acquired Source of acquisition Cost, normal purchase price Full call number Barcode Copy number Cost, replacement price Koha item type
    Not For Loan Non-fiction D.B.Act.Division D.B.Act.Division 15/01/2014 DBAD/PUB 250.00 338.04 JHA EN-92630 1 250.00 English Books
      Non-fiction Karol Bagh Karol Bagh 10/09/2014 KBD/BL98/28.03.2014/145/25.03.2014/31.03.2014 250.00 338.04 JHA B-536537 1 250.00 English Books
      Non-fiction Patel Nagar Patel Nagar 10/09/2014 KBD/BL98/28.03.2014/145/25.03.2014/31.03.2014 250.00 338.04 JHA B-536535 1 250.00 English Books
      Non-fiction Sarojini Nagar Sarojini Nagar 10/09/2014 KBD/BL98/28.03.2014/145/25.03.2014/31.03.2014 250.00 338.04 JHA B-536536 1 250.00 English Books
      Non-fiction Shahdara Branch Shahdara Branch 10/09/2014 KBD/BL98/28.03.2014/145/25.03.2014/31.03.2014 250.00 338.04 JHA B-536538 1 250.00 English Books

© Delhi Public Library
Hit Counter
free hit counter